000 00685nam a22002417a 4500
003 OSt
005 20220924113644.0
006 a|||||r|||| 00| 0
007 ta
008 220923b |||||||| |||| 00| 0 eng d
024 _a149614
037 _cGeneral Books
040 _aARTS
_cARTS
_beng
041 _2eng
_aeng
082 _aY1:4120L:5, J7 (GE)
100 _aNorthrup Eric
_9170304
245 0 _aScience looks at smoking
_ba new inquiry into the effects of smoking onyour health
260 _aNA
_bNA
_c1957
300 _ap.
650 _aSOCIOLOGY
942 _hY1:4120L:5, J7 (GE)
_cGB
_2CC
999 _c390346
_d390346